Star Wars Story boards: The original Trilogy (Record no. 370428)

MARC details
000 -LEADER
fixed length control field 00372 a2200145 4500
005 - DATE AND TIME OF LATEST TRANSACTION
control field 20260216155849.0
008 - FIXED-LENGTH DATA ELEMENTS--GENERAL INFORMATION
fixed length control field 260212b |||||||| |||| 00| 0 eng d
020 ## - INTERNATIONAL STANDARD BOOK NUMBER
International Standard Book Number 9781419707742
082 ## - DEWEY DECIMAL CLASSIFICATION NUMBER
Classification number 720.28/RIN
100 ## - MAIN ENTRY--PERSONAL NAME
Author Rinzler
245 ## - TITLE STATEMENT
Title Star Wars Story boards: The original Trilogy
260 ## - PUBLICATION, DISTRIBUTION, ETC.
Name of publisher, distributor, etc. Abrams
Date of publication, distribution, etc. 2014
Place of publication, distribution, etc. New York
300 ## - PHYSICAL DESCRIPTION
Extent 350p
Other physical details HB
942 ## - ADDED ENTRY ELEMENTS (KOHA)
Koha item type Books
Holdings
Withdrawn status Lost status Source of classification or shelving scheme Damaged status Not for loan Home library Current library Date acquired Vendor Net Price Total Checkouts Full call number Barcode Date last seen Actual Price Bill Date Koha item type
    Dewey Decimal Classification     Dr. Bhanuben Nanavati College of Architecture Dr. Bhanuben Nanavati College of Architecture 12/02/2026 221 3668.38   720.28/RIN BNCA-BK-13464 12/02/2026 3668.38 17/12/2025 Books